|
|
|
|
| LEADER |
00000nam0a2200000 4500 |
| 001 |
175033 |
| 005 |
20231101223213.0 |
| 010 |
|
|
|a 9785222159699
|
| 010 |
|
|
|a 978-5-241-00931-9
|
| 035 |
|
|
|a (RuTPU)RU\TPU\book\189798
|
| 090 |
|
|
|a 175033
|
| 100 |
|
|
|a 20100208d2010 m y0rusy50 ca
|
| 101 |
0 |
|
|a rus
|
| 102 |
|
|
|a RU
|
| 105 |
|
|
|a y j 000zy
|
| 200 |
1 |
|
|a Культурология
|e учебное пособие для вузов
|f Л. Д. Столяренко [и др.]
|g под ред. С. И. Самыгина
|
| 205 |
|
|
|a 4-е изд., испр. и доп.
|
| 210 |
|
|
|a Ростов-на-Дону
|c Феникс
|a Москва
|c МарТ
|d 2010
|
| 215 |
|
|
|a 352 с.
|
| 225 |
1 |
|
|a Учебный курс
|
| 330 |
|
|
|a В учебном пособии, в соответствии с новым Государственным стандартом, рассмотрены основные вопросы и проблемы культурологии: теория культуры, история мировой культуры, история отечественной культуры, соотношение культуры, природы, общества и личности, проблемы культуры современности. Пособие предназначено для студентов вузов, изучающих курс « Культурология».
|
| 606 |
1 |
|
|a Культурология
|2 stltpush
|3 (RuTPU)RU\TPU\subj\67420
|9 83233
|
| 610 |
1 |
|
|a культура
|
| 610 |
1 |
|
|a история
|
| 610 |
1 |
|
|a культурная антропология
|
| 610 |
1 |
|
|a мифология
|
| 610 |
1 |
|
|a культурные ценности
|
| 610 |
1 |
|
|a символы
|
| 610 |
1 |
|
|a язык
|
| 610 |
1 |
|
|a культурные архетипы
|
| 610 |
1 |
|
|a культурные процессы
|
| 610 |
1 |
|
|a социодинамика
|
| 610 |
1 |
|
|a модернизация
|
| 610 |
1 |
|
|a мировая культура
|
| 610 |
1 |
|
|a первобытная культура
|
| 610 |
1 |
|
|a восточная культура
|
| 610 |
1 |
|
|a западноевропейская культура
|
| 610 |
1 |
|
|a Новое время
|
| 610 |
1 |
|
|a античная культура
|
| 610 |
1 |
|
|a русская культура
|
| 610 |
1 |
|
|a учебные пособия
|
| 686 |
|
|
|a Ч111я73
|v LBC/SL-A
|2 rubbk
|
| 701 |
|
1 |
|a Столяренко
|b Л. Д.
|g Людмила Дмитриевна
|
| 701 |
|
1 |
|a Самыгин
|b С. И.
|g Сергей Иванович
|
| 701 |
|
1 |
|a Илюхина
|b Л. В.
|g Любовь Васильевна
|
| 701 |
|
1 |
|a Ларькова
|b Е. П.
|g Елена Петровна
|
| 702 |
|
1 |
|a Самыгин
|b С. И.
|g Сергей Иванович
|4 340
|
| 801 |
|
1 |
|a RU
|b 63413507
|c 20100208
|
| 801 |
|
2 |
|a RU
|b 63413507
|c 20130110
|g RCR
|
| 942 |
|
|
|c BK
|
| 959 |
|
|
|a 1/20100204
|d 1
|e 233,80
|f ЧЗГЛ:1
|